000 00638nam a22002057a 4500
999 _c730
_d730
003 AR-CdUCM
008 190225b ||||| |||| 00| 0 spa d
040 _aMUNICIPALIDAD PROVINCIAL DEL CUSCO
_cBIBLIOTECA MUNICIPAL DEL CUSCO
082 _a869.56 /
_bQ7
100 _aQuinteras, Serafina
_92798
245 _aCajón de Sastre /
_cQuinteras Serafina
260 _aLima - Peru :
_bConcytec ,
_c1988.
300 _a146 paginas :
_c20 cm.
650 _aPoetica Satirica.
_92799
650 _aPoesia Retorica.
_92800
650 _aPoesia Peruana.
_9280
700 _aQuinteras Serafina
_92801
942 _2ddc
_cLIBROS
945 _artm
_d2019-02-25